[Event "Titled Tue 10th Jun Late"]
[Site "chess.com INT"]
[Date "2025.06.10"]
[Round "8"]
[White "Demirtas, Alper"]
[Black "Rustemov, Alexander"]
[Result "1/2-1/2"]
[WhiteTitle "CM"]
[BlackTitle "GM"]
[WhiteElo "2205"]
[BlackElo "2525"]
[WhiteFideId "44576781"]
[BlackFideId "4119002"]
[EventDate "2025.06.10"]

1. Nf3 d5 2. d4 Nf6 3. c3 Bf5 4. Qb3 b6 5. c4 e6 6. Nc3 c6 7. Bg5 Be7 8. e3 O-O
9. Be2 a6 10. a4 a5 11. O-O Na6 12. Ne5 Nb4 13. Rac1 Nd7 14. Bxe7 Qxe7 15. Nxd7
Qxd7 16. Na2 Nxa2 17. Qxa2 Rfc8 18. Qb3 Rab8 19. cxd5 cxd5 20. Ba6 Rc7 21. h3 h6
22. Rfe1 Qd6 23. Rc3 Rxc3 24. Qxc3 g5 25. Rc1 Kg7 26. Qc7 Qxc7 27. Rxc7 h5 28.
f3 h4 29. Kf2 Kf6 30. Bb5 Bg6 31. Ke2 Bf5 32. Kd2 Bg6 33. Ba6 Ra8 34. Bb5 Rb8
35. Ba6 Bf5 36. Bb5 Kg7 37. Ba6 Kf8 38. Bb5 Bg6 39. Ba6 Ke8 40. Bb5+ Kf8 41. Ba6
Kg7 42. Bb5 Kf6 1/2-1/2

[Event "Titled Tue 10th Jun Late"]
[Site "chess.com INT"]
[Date "2025.06.10"]
[Round "8"]
[White "Garzon Zapatanga, Christopher Leonel"]
[Black "Guha, Eshan"]
[Result "1-0"]
[WhiteTitle "FM"]
[WhiteElo "2155"]
[BlackElo "2071"]
[WhiteFideId "3634787"]
[BlackFideId "30958628"]
[EventDate "2025.06.10"]

1. b3 Nf6 2. Bb2 g6 3. g3 Bg7 4. Bg2 O-O 5. c4 c5 6. Nf3 Nc6 7. O-O d6 8. d4 Ne4
9. Nbd2 Bf5 10. Nxe4 Bxe4 11. e3 a5 12. Qd2 a4 13. d5 Bxf3 14. Bxf3 Ne5 15. Bg2
Qa5 16. Qc2 a3 17. Bc1 Nf3+ 18. Bxf3 Bxa1 19. Bd2 Qc7 20. Rxa1 Rfb8 21. Be2 Qd7
22. Bc3 f6 23. Re1 Qe8 24. Bg4 f5 25. Be2 Qf7 26. Bf1 g5 27. e4 f4 28. e5 Re8
29. e6 Qh5 30. Be2 Qh6 31. gxf4 gxf4 32. Kh1 1-0

[Event "Titled Tue 10th Jun Late"]
[Site "chess.com INT"]
[Date "2025.06.10"]
[Round "8"]
[White "Ahmad, Al Khatib"]
[Black "Marchesich, Giovanni"]
[Result "0-1"]
[WhiteTitle "GM"]
[BlackTitle "CM"]
[WhiteElo "2172"]
[BlackElo "2189"]
[WhiteFideId "8103178"]
[BlackFideId "2824790"]
[EventDate "2025.06.10"]

1. d4 c5 2. d5 e5 3. Nc3 d6 4. e4 Be7 5. Bb5+ Nd7 6. a4 Bg5 7. Nf3 Bxc1 8. Qxc1
Ne7 9. Nd2 O-O 10. Nc4 Nb6 11. Ne3 f5 12. a5 Nd7 13. exf5 Nxf5 14. Nxf5 Rxf5 15.
Bd3 Rf8 16. a6 b6 17. Bb5 Nf6 18. Bc6 Rb8 19. O-O Bd7 20. Bxd7 Qxd7 21. Qe3 b5
22. h3 b4 23. Ne4 Nxe4 24. Qxe4 Rf4 25. Qe3 Rbf8 26. c3 Qf5 27. Ra4 Re4 28. Qd3
c4 29. Qd2 b3 30. Rb4 h6 31. f3 Rf4 32. Qe2 e4 33. Qxc4 Qg5 34. Qe2 exf3 35. Qf2
fxg2 0-1

[Event "Titled Tue 10th Jun Late"]
[Site "chess.com INT"]
[Date "2025.06.10"]
[Round "8"]
[White "Manzone, Alessandro"]
[Black "Tristan, Leonardo"]
[Result "0-1"]
[WhiteTitle "FM"]
[BlackTitle "GM"]
[WhiteElo "2397"]
[BlackElo "2536"]
[WhiteFideId "112488"]
[BlackFideId "113816"]
[EventDate "2025.06.10"]

1. d4 d5 2. Nf3 Nf6 3. c4 e6 4. g3 Be7 5. Bg2 O-O 6. O-O dxc4 7. Qc2 a6 8. Rd1
Nc6 9. Qxc4 Qd5 10. Qxd5 exd5 11. Bf4 Bd6 12. Nc3 Rd8 13. Rac1 Ne7 14. Na4 c6
15. Nb6 Rb8 16. Bxd6 Rxd6 17. Ne5 Bf5 18. Nd3 Bxd3 19. Rxd3 Nc8 20. Nxc8 Rxc8
21. Rb3 Rc7 22. e3 Kf8 23. Rbc3 Ke7 24. b4 b5 25. f3 Nd7 26. Bf1 Nb6 27. Bd3 Nc4
28. Bxc4 bxc4 29. Ra3 Rb7 30. Rb1 Rb6 31. Ra5 f5 32. Kf2 g5 33. Ke2 Rh6 34. h4
gxh4 35. g4 h3 36. a3 fxg4 37. fxg4 h2 38. Rh1 Kf6 39. Kf3 Kg5 40. Kg3 Rh4 41.
Rxh2 Rxh2 42. Kxh2 Kxg4 43. Rc5 Kf3 44. a4 Rxb4 45. a5 Rb5 46. Rxc6 Rxa5 0-1

[Event "Titled Tue 10th Jun Late"]
[Site "chess.com INT"]
[Date "2025.06.10"]
[Round "8"]
[White "Schracke, Guido"]
[Black "Quinones Garcia, Santiago"]
[Result "1-0"]
[WhiteTitle "CM"]
[BlackTitle "FM"]
[WhiteElo "2138"]
[BlackElo "2259"]
[WhiteFideId "4637054"]
[BlackFideId "4408497"]
[EventDate "2025.06.10"]

1. e4 e6 2. d4 d5 3. e5 c5 4. Nf3 Nc6 5. Bd3 Qb6 6. O-O cxd4 7. a3 Bd7 8. b4
Nge7 9. Bf4 Nf5 10. g4 Nfe7 11. Nbd2 Ng6 12. Bg3 O-O-O 13. Nb3 Be7 14. h4 Nf8
15. Rc1 Kb8 16. c4 dxc3 17. Rxc3 Rc8 18. Qc2 a6 19. Rc1 h5 20. g5 g6 21. Bf4 Nh7
22. Be3 Qc7 23. Na5 Qd8 24. Nxc6+ Bxc6 25. Bxa6 Qd7 26. Bf1 Ba4 27. Qd3 Rhd8 28.
Qd4 b5 29. Rxc8+ Rxc8 30. Qb6+ Qb7 31. Rxc8+ Kxc8 32. Qxb7+ Kxb7 33. Nd4 Nf8 34.
Be2 Nd7 35. f4 Nb6 36. Nxb5 Nc4 37. Bxc4 dxc4 38. Nc3 Bd8 39. Nxa4 1-0

[Event "Titled Tue 10th Jun Late"]
[Site "chess.com INT"]
[Date "2025.06.10"]
[Round "8"]
[White "Rustamov, Rustam"]
[Black "Gelman, Alexander"]
[Result "1-0"]
[WhiteTitle "FM"]
[BlackTitle "IM"]
[WhiteElo "2334"]
[BlackElo "2403"]
[WhiteFideId "13440110"]
[BlackFideId "4118316"]
[EventDate "2025.06.10"]

1. e4 c5 2. Nf3 e6 3. d4 cxd4 4. Nxd4 a6 5. Nc3 d6 6. a4 Nf6 7. g3 Be7 8. Bg2
O-O 9. O-O Bd7 10. b3 Nc6 11. Bb2 Qc7 12. Nce2 Ne5 13. h3 Rfe8 14. c4 Rac8 15.
f4 Ng6 16. Kh1 h6 17. Qd2 Qb6 18. a5 Qc7 19. Rac1 b6 20. Bc3 bxa5 21. Bxa5 Qb8
22. Rb1 h5 23. Bc3 d5 24. e5 Ne4 25. Bxe4 dxe4 26. Qe3 h4 27. g4 Qa8 28. f5 Nxe5
29. fxe6 fxe6 30. Nxe6 Bxe6 31. Bxe5 Rf8 32. Nd4 Qa7 33. Qxe4 Bd7 34. Qg6 Bc6+
35. Nxc6 1-0

[Event "Titled Tue 10th Jun Late"]
[Site "chess.com INT"]
[Date "2025.06.10"]
[Round "8"]
[White "Saez Coma, Alejandro"]
[Black "Sivakumar, Shaashwath"]
[Result "1-0"]
[WhiteTitle "CM"]
[BlackTitle "FM"]
[WhiteElo "2167"]
[BlackElo "2216"]
[WhiteFideId "32004818"]
[BlackFideId "30912156"]
[EventDate "2025.06.10"]

1. d4 d6 2. Nf3 Nf6 3. Bf4 g6 4. Nc3 Bg7 5. Qd2 Nbd7 6. Bh6 Bxh6 7. Qxh6 c6 8.
e4 Qc7 9. O-O-O b5 10. e5 dxe5 11. dxe5 Nxe5 12. Nxe5 Qxe5 13. Bd3 Be6 14. Rhe1
Qh5 15. Qf4 O-O 16. f3 Nd5 17. Nxd5 Qxd5 18. a3 Qa2 19. Qe5 b4 20. axb4 Rab8 21.
c3 Bb3 22. Bb1 Qa6 23. Rd7 Be6 24. Rxe7 c5 25. Qxc5 Rfc8 26. Qd4 Rc4 27. Qe5 Qc6
28. Qxb8+ Kg7 29. Qe5+ Kf8 30. Rxe6 fxe6 31. Qxe6 Rxc3+ 32. bxc3 Qxc3+ 33. Bc2
Qa1+ 34. Kd2 Qd4+ 35. Bd3 Qb2+ 36. Ke3 Qxb4 37. Kf2 Qd2+ 38. Be2 Qd4+ 39. Kf1 1-0

[Event "Titled Tue 10th Jun Late"]
[Site "chess.com INT"]
[Date "2025.06.10"]
[Round "8"]
[White "Sethuraman, Roshan"]
[Black "Doric, Darko"]
[Result "0-1"]
[BlackTitle "IM"]
[WhiteElo "2074"]
[BlackElo "2444"]
[WhiteFideId "30965250"]
[BlackFideId "14507200"]
[EventDate "2025.06.10"]

1. e4 c6 2. Nc3 d5 3. Nf3 a6 4. d4 Bg4 5. Be2 e6 6. h3 Bxf3 7. Bxf3 Nf6 8. exd5
cxd5 9. O-O Nc6 10. Bf4 Bd6 11. Bxd6 Qxd6 12. Ne2 O-O 13. c3 b5 14. a3 a5 15.
Qd3 b4 16. axb4 axb4 17. Ng3 bxc3 18. bxc3 Na5 19. Ra2 Nc4 20. Rfa1 Rxa2 21.
Rxa2 Qc7 22. Ne2 Rc8 23. g3 h6 24. Kg2 Nd6 25. Ra3 Nfe4 26. Qc2 Ng5 27. h4 Nxf3
28. Kxf3 Ne4 29. Kg2 h5 30. Qd3 g6 31. Rb3 Kg7 32. f3 Nd6 33. Qa6 Nf5 34. Kf2
Rb8 35. Qa2 Qc4 36. Nc1 Rc8 37. Qe2 Nxd4 38. Qe5+ Kg8 39. Qxd4 Qxd4+ 40. cxd4
Rxc1 41. Ke3 Kg7 42. Rb4 Kf6 43. Kf4 Rc4 44. Rxc4 dxc4 45. Ke3 g5 46. Kd2 gxh4
47. gxh4 Kf5 48. Kc3 Kf4 49. Kxc4 Kxf3 0-1

[Event "Titled Tue 10th Jun Late"]
[Site "chess.com INT"]
[Date "2025.06.10"]
[Round "8"]
[White "Bacus, Dharim"]
[Black "Urbina Perez, Juan Antonio"]
[Result "1-0"]
[WhiteTitle "FM"]
[BlackTitle "FM"]
[WhiteElo "2131"]
[BlackElo "2221"]
[WhiteFideId "5201527"]
[BlackFideId "2217368"]
[EventDate "2025.06.10"]

1. e4 c6 2. d4 d5 3. Nd2 dxe4 4. Nxe4 Nf6 5. Nxf6+ exf6 6. c3 Bd6 7. Bd3 O-O 8.
Qc2 Kh8 9. Ne2 Nd7 10. O-O Re8 11. c4 Nf8 12. Be3 Be6 13. Nc3 Rc8 14. Ne4 Bb8
15. Nc5 Qd6 16. g3 Bh3 17. Rfd1 Ne6 18. Bxh7 Ng5 19. Bf5 g6 20. Bxh3 Nxh3+ 21.
Kg2 Ng5 22. h4 Ne6 23. Ne4 Qe7 24. d5 cxd5 25. Rxd5 Nf8 26. Nd2 b6 27. h5 Qb7
28. Qd3 Kg7 29. hxg6 Nxg6 30. Nf3 Be5 31. Bd4 1-0

[Event "Titled Tue 10th Jun Late"]
[Site "chess.com INT"]
[Date "2025.06.10"]
[Round "8"]
[White "Sobek, Jaroslav"]
[Black "Veiga, Emerson de Sousa"]
[Result "1-0"]
[WhiteTitle "FM"]
[WhiteElo "2195"]
[BlackElo "2150"]
[WhiteFideId "301388"]
[BlackFideId "2151898"]
[EventDate "2025.06.10"]

1. d4 Nf6 2. c4 e6 3. Bf4 Bb4+ 4. Nd2 O-O 5. a3 Be7 6. e3 d5 7. Rc1 c6 8. h3
Nbd7 9. Ngf3 b6 10. cxd5 cxd5 11. Bd3 Ne8 12. Qc2 Bb7 13. Bxh7+ Kh8 14. Bd3 Rc8
15. Qb1 Rxc1+ 16. Qxc1 Bd6 17. Bxd6 Nxd6 18. O-O Nf6 19. Qc2 Qd7 20. Rc1 Rc8 21.
Qb1 Rc6 22. Rxc6 Qxc6 23. Qc2 Qxc2 24. Bxc2 Ba6 25. Ne5 Nfe8 26. f3 Bb5 27. Kf2
f6 28. Ng4 Kg8 29. Nh2 Kf7 30. Nhf1 Bxf1 31. Kxf1 Ke7 32. Ke2 Nc7 33. Kd3 e5 34.
g4 Ne6 35. Bb3 Nc7 36. dxe5 fxe5 37. Nb1 Nf7 38. h4 Nd8 39. Nc3 Kd6 40. h5 Nde6
41. a4 a6 42. Bc2 Ne8 43. Ke2 Nf6 44. Bf5 Nc5 45. Bg6 d4 46. exd4 exd4 47. Ne4+
Nfxe4 48. Bxe4 Nxa4 49. g5 Ke5 50. b4 Nc3+ 51. Kd3 Nxe4 52. fxe4 a5 53. bxa5
bxa5 54. h6 gxh6 55. gxh6 Kf6 56. Kxd4 Kg6 57. e5 Kxh6 58. e6 Kg6 59. Kd5 a4 60.
Kd6 a3 61. e7 a2 62. e8=Q+ 1-0

[Event "Titled Tue 10th Jun Late"]
[Site "chess.com INT"]
[Date "2025.06.10"]
[Round "8"]
[White "Arabidze, Meri"]
[Black "Vasquez Schroeder, Rodrigo"]
[Result "1/2-1/2"]
[WhiteTitle "IM"]
[BlackTitle "GM"]
[WhiteElo "2440"]
[BlackElo "2446"]
[WhiteFideId "13604040"]
[BlackFideId "3400042"]
[EventDate "2025.06.10"]

1. d4 Nf6 2. c4 g6 3. g3 Bg7 4. Bg2 O-O 5. Nf3 d6 6. Nc3 Nbd7 7. O-O e5 8. e4
exd4 9. Nxd4 Re8 10. f3 a5 11. Re1 Nc5 12. Be3 c6 13. b3 Nfd7 14. Qc2 Ne5 15.
Rad1 Qb6 16. h3 a4 17. f4 axb3 18. axb3 Ned7 19. Rb1 Qb4 20. Na2 Qa3 21. Nc3 h5
22. b4 Ne6 23. Nde2 Qa6 24. b5 Qa5 25. bxc6 bxc6 26. e5 dxe5 27. Bxc6 exf4 28.
gxf4 Rb8 29. Rxb8 Nxb8 30. Bxe8 Bb7 31. Bb5 Qd8 32. Nd5 Qh4 33. Bf2 Qxh3 34. Qe4
Kh8 35. Qg2 Qf5 36. Ng3 Qd3 37. Qe4 Qd2 38. Re2 Qd1+ 39. Re1 Qd2 40. Qe2 Qa5 41.
f5 Ng5 42. f6 Bh6 43. Qe8+ Kh7 44. Ne7 Nf3+ 45. Kf1 Nd2+ 46. Kg1 Nf3+ 47. Kf1
Nd2+ 48. Kg1 Nf3+ 1/2-1/2

[Event "Titled Tue 10th Jun Late"]
[Site "chess.com INT"]
[Date "2025.06.10"]
[Round "8"]
[White "Papacek, Stepan"]
[Black "Ernst, Luca"]
[Result "1-0"]
[WhiteTitle "FM"]
[BlackTitle "FM"]
[WhiteElo "2225"]
[BlackElo "2215"]
[WhiteFideId "301035"]
[BlackFideId "45117055"]
[EventDate "2025.06.10"]

1. e4 g6 2. d4 Bg7 3. c4 d6 4. Nc3 Nc6 5. d5 Nd4 6. Nge2 Nxe2 7. Bxe2 c5 8. O-O
Nf6 9. Bf4 Nd7 10. Qd2 O-O 11. Bh6 a6 12. Bxg7 Kxg7 13. f4 Rb8 14. a4 Kh8 15.
Kh1 f5 16. exf5 gxf5 17. Rf3 Nf6 18. Bd3 Qe8 19. Re1 Qf7 20. Rfe3 Re8 21. Be2
Bd7 22. b3 Qg7 23. Bf3 Ng4 24. Bxg4 Qxg4 25. Rg3 Qh5 26. Qb2 h6 27. Nb5+ 1-0

[Event "Titled Tue 10th Jun Late"]
[Site "chess.com INT"]
[Date "2025.06.10"]
[Round "8"]
[White "Schnaider, Ilan"]
[Black "Baltabaev, Temirlan"]
[Result "1-0"]
[WhiteTitle "IM"]
[BlackTitle "FM"]
[WhiteElo "2388"]
[BlackElo "2295"]
[WhiteFideId "169013"]
[BlackFideId "4112172"]
[EventDate "2025.06.10"]

1. d4 d5 2. Nc3 c6 3. e4 dxe4 4. Nxe4 Nf6 5. Nxf6+ exf6 6. c3 Bd6 7. Bd3 Qe7+ 8.
Ne2 O-O 9. Qc2 h6 10. Be3 Be6 11. O-O-O b5 12. Kb1 a5 13. Nf4 Nd7 14. Nxe6 fxe6
15. g4 b4 16. c4 c5 17. h4 cxd4 18. Bxd4 e5 19. Be3 Bc5 20. Bh7+ Kh8 21. Bf5 Nb6
22. Bc1 Qf7 23. b3 a4 24. Bg6 axb3 25. axb3 Qa7 26. Bb2 Qa2+ 27. Kc1 Rfd8 28. g5
Bd4 29. Bxd4 exd4 30. Qxa2 Rxa2 31. Bc2 d3 32. Rxd3 Rxd3 33. Bxd3 Rxf2 34. g6
Kg8 35. Re1 Kf8 36. c5 Nd5 37. Bb5 Rf3 38. Re8# 1-0

[Event "Titled Tue 10th Jun Late"]
[Site "chess.com INT"]
[Date "2025.06.10"]
[Round "8"]
[White "Fadi, Marko"]
[Black "Sindarov, Islombek"]
[Result "1-0"]
[WhiteTitle "FM"]
[BlackTitle "CM"]
[WhiteElo "2298"]
[BlackElo "2129"]
[WhiteFideId "10605371"]
[BlackFideId "14205475"]
[EventDate "2025.06.10"]

1. c4 g6 2. Nc3 Bg7 3. g3 c5 4. Bg2 Nf6 5. Nf3 O-O 6. O-O Nc6 7. d3 d6 8. Rb1
Bf5 9. a3 Qd7 10. b4 cxb4 11. axb4 Bh3 12. b5 Nd8 13. Bb2 Bxg2 14. Kxg2 a6 15.
Nd2 axb5 16. Nxb5 Ne6 17. Bc3 d5 18. Qb3 dxc4 19. Nxc4 Nh5 20. Bxg7 Kxg7 21. Kg1
Nef4 22. gxf4 Nxf4 23. Qb2+ Kg8 24. Ne3 Ra5 25. Rfe1 Ra4 26. Qe5 f6 27. Qc7 Qe6
28. Nc3 Nh3+ 29. Kg2 Rf4 30. Ne4 f5 31. Qc4 Qxc4 32. Nxc4 fxe4 33. Kxh3 Rxf2 34.
Rxb7 exd3 35. exd3 R8f3+ 36. Kg4 Rxd3 37. Rexe7 Rd4+ 38. Kg3 Rc2 39. Re8# 1-0

[Event "Titled Tue 10th Jun Late"]
[Site "chess.com INT"]
[Date "2025.06.10"]
[Round "8"]
[White "Weisz, Bryan"]
[Black "Schernthaner, David"]
[Result "0-1"]
[BlackTitle "FM"]
[WhiteElo "2059"]
[BlackElo "2401"]
[WhiteFideId "30934133"]
[BlackFideId "1649574"]
[EventDate "2025.06.10"]

1. Nf3 c5 2. c4 g6 3. d4 cxd4 4. Nxd4 Bg7 5. e4 Nc6 6. Be3 Nf6 7. Nc3 O-O 8. Be2
d6 9. O-O Nxd4 10. Bxd4 Be6 11. Rc1 a5 12. Nd5 Bxd5 13. exd5 a4 14. Re1 Nd7 15.
Bxg7 Kxg7 16. Qd4+ Nf6 17. Bf3 Re8 18. c5 dxc5 19. Rxc5 Qb6 20. Qc3 Qd6 21. Rc7
b5 22. Rc6 Qd7 23. h3 Rab8 24. Bg4 Qxd5 25. Rxe7 Rxe7 26. Qxf6+ Kg8 27. Rd6 Qe5
28. Qxe5 Rxe5 29. Rd7 Rbe8 30. Bf3 R8e7 31. Rd8+ Kg7 32. Rb8 Rc5 33. Kh2 Rd7 34.
Rb6 Rd2 35. Bc6 Rd6 36. Ra6 Rdxc6 0-1

[Event "Titled Tue 10th Jun Late"]
[Site "chess.com INT"]
[Date "2025.06.10"]
[Round "8"]
[White "Bogaudinov, Rushan"]
[Black "Bongo Akanga Ndjila, Barthelemy"]
[Result "1-0"]
[WhiteTitle "FM"]
[BlackTitle "CM"]
[WhiteElo "1912"]
[BlackElo "1847"]
[WhiteFideId "4129288"]
[BlackFideId "10609431"]
[EventDate "2025.06.10"]

1. a4 d5 2. a5 Nf6 3. h3 e6 4. g4 Bd6 5. d3 c5 6. Bg2 Nc6 7. Bd2 Bd7 8. e4 dxe4
9. dxe4 h6 10. Ne2 e5 11. a6 b5 12. Nbc3 b4 13. Nd5 Nd4 14. Nxd4 cxd4 15. O-O
Nxd5 16. exd5 O-O 17. f4 exf4 18. Bxf4 Qc7 19. Bxd6 Qxd6 20. Qxd4 Bb5 21. Rfe1
Bxa6 22. Qe5 Qc5+ 23. Qe3 Qxc2 24. Rxa6 Qxb2 25. d6 Rad8 26. Rd1 Qc2 27. Qd3
Qc5+ 28. Kh1 Rd7 29. Bc6 Rdd8 30. d7 f5 31. Qd5+ Qxd5+ 32. Bxd5+ Kh7 33. Be6
fxg4 34. hxg4 Rf2 35. Bf5+ Kg8 36. Re6 Kf7 37. Rc6 Re2 38. Rc8 Ke7 39. Rxd8 Kxd8
40. Rc1 Rd2 41. Rc8+ Ke7 42. Re8+ Kf6 43. d8=Q+ 1-0

[Event "Titled Tue 10th Jun Late"]
[Site "chess.com INT"]
[Date "2025.06.10"]
[Round "8"]
[White "Turcsanyi, Vince Gergo"]
[Black "Zilberstein, Dmitry"]
[Result "0-1"]
[WhiteTitle "FM"]
[BlackTitle "IM"]
[WhiteElo "2312"]
[BlackElo "2358"]
[WhiteFideId "791784"]
[BlackFideId "2010739"]
[EventDate "2025.06.10"]

1. e4 e6 2. d4 d5 3. Nd2 c5 4. exd5 exd5 5. Ngf3 a6 6. Bd3 c4 7. Be2 Nf6 8. O-O
Bd6 9. b3 b5 10. a4 c3 11. Nb1 b4 12. a5 O-O 13. Ne5 Bf5 14. Bf3 Nbd7 15. Bf4
Qc7 16. Ra4 Rab8 17. Qe2 Rb5 18. g4 Be4 19. Bxe4 dxe4 20. Qc4 Bxe5 21. dxe5 Nd5
22. Qxc7 Nxc7 23. Re1 Ne6 24. Rxe4 Rfb8 25. Ra1 Ndc5 26. Rc4 Nd7 27. Ra4 Nxf4
28. Rxf4 Nxe5 29. Kg2 g5 30. Rc4 Nxc4 31. bxc4 Rc5 0-1

[Event "Titled Tue 10th Jun Late"]
[Site "chess.com INT"]
[Date "2025.06.10"]
[Round "8"]
[White "Garcia Hernandez, Rebeca"]
[Black "Shapiro, Daniel"]
[Result "1/2-1/2"]
[WhiteTitle "WCM"]
[BlackTitle "FM"]
[WhiteElo "1904"]
[BlackElo "2284"]
[WhiteFideId "5180872"]
[BlackFideId "2001780"]
[EventDate "2025.06.10"]

1. Nf3 d5 2. g3 Nf6 3. Bg2 Bf5 4. O-O e6 5. d4 h6 6. b3 Be7 7. Bb2 O-O 8. Nbd2
Nbd7 9. c4 c6 10. Rc1 b6 11. Ne5 Nxe5 12. dxe5 Nd7 13. e4 dxe4 14. Nxe4 Qc7 15.
Nd6 Bh7 16. f4 Rad8 17. Qf3 Nb8 18. Rcd1 f6 19. Ne4 Bxe4 20. Qxe4 f5 21. Qc2 c5
22. Rxd8 Rxd8 23. Rd1 Rxd1+ 24. Qxd1 Nc6 25. Qd2 Kf7 26. Bc3 a5 27. Kh1 Nb4 28.
Bxb4 axb4 29. h4 g6 30. Kh2 Ke8 31. Bf3 Qa7 32. Kg2 Kf7 33. Kh2 Qc7 34. Kg2 Bf8
35. Kf2 Be7 36. Kg2 Bd8 37. Kf2 Be7 38. Kg2 1/2-1/2

[Event "Titled Tue 10th Jun Late"]
[Site "chess.com INT"]
[Date "2025.06.10"]
[Round "8"]
[White "Norman, Kseniya"]
[Black "Ghimoyan, Narek"]
[Result "1/2-1/2"]
[WhiteTitle "WFM"]
[BlackTitle "CM"]
[WhiteElo "2069"]
[BlackElo "2273"]
[WhiteFideId "13518780"]
[BlackFideId "13315412"]
[EventDate "2025.06.10"]

1. e4 g6 2. Nc3 Bg7 3. f4 c6 4. d4 d5 5. e5 h5 6. Nf3 Bg4 7. Bd3 Nh6 8. h3 Bxf3
9. Qxf3 e6 10. Ne2 Nd7 11. g4 Qh4+ 12. Ng3 hxg4 13. hxg4 Qxg4 14. Qf2 Nf5 15.
Rxh8+ Bxh8 16. Nxf5 exf5 17. Bd2 O-O-O 18. Be2 Qh3 19. O-O-O Qh7 20. Kb1 Nf8 21.
c4 Ne6 22. Be3 g5 23. cxd5 gxf4 24. Bxf4 Rxd5 25. Bc4 Nxf4 26. Qxf4 Bxe5 27. Qf3
Rxd4 28. Rxd4 Bxd4 29. Bd3 Qg7 30. Qxf5+ Kc7 31. Qa5+ Bb6 32. Qf5 Qg1+ 33. Bf1
a5 34. Qxf7+ Kb8 35. a3 Ka7 36. Ka2 Bd4 37. Qf3 Qh2 38. Qb3 Qf2 39. Bc4 Bb6 40.
a4 Qd2 41. Qd3 Qb4 42. Qb3 Qe7 43. Bd3 Bc5 44. Qc4 Qe5 45. Qc3 Qg5 46. Qxa5+ Kb8
47. Qc3 Be7 48. Qh8+ Kc7 49. Qd4 Bf6 50. Qc4 Qe5 51. Qf7+ Kb6 52. Qb3+ Ka7 53.
Bc4 Qd4 54. a5 Qd6 55. Qb6+ Ka8 56. a6 bxa6 57. Qxa6+ Kb8 58. Qb6+ Ka8 59. Qa6+
Kb8 60. Qb6+ Ka8 61. Qa6+ 1/2-1/2

[Event "Titled Tue 10th Jun Late"]
[Site "chess.com INT"]
[Date "2025.06.10"]
[Round "8"]
[White "Mai, Alexander Oliver"]
[Black "Mafra, Kaiser Luiz"]
[Result "1-0"]
[WhiteTitle "CM"]
[BlackTitle "CM"]
[WhiteElo "2171"]
[BlackElo "2076"]
[WhiteFideId "2313391"]
[BlackFideId "2106698"]
[EventDate "2025.06.10"]

1. e4 c5 2. Nf3 d6 3. d4 cxd4 4. Nxd4 Nf6 5. Nc3 g6 6. Be3 Bg7 7. f3 h5 8. Qd2
Nbd7 9. O-O-O a6 10. Kb1 b5 11. Bd3 Bb7 12. a3 Ne5 13. Rhe1 Rc8 14. h3 Nc4 15.
Bxc4 Rxc4 16. Nb3 Qc7 17. Bg5 Nd7 18. Nd5 Bxd5 19. exd5 f6 20. Be3 Kf7 21. Na5
Rxc2 22. Qxc2 Qxa5 23. Qe4 Ne5 24. Bd2 Qc7 25. f4 Nc4 26. Bc1 Rc8 27. Re2 f5 28.
Qe6+ Kf8 29. Qxg6 Nxa3+ 30. bxa3 Qc3 31. Bb2 1-0

[Event "Titled Tue 10th Jun Late"]
[Site "chess.com INT"]
[Date "2025.06.10"]
[Round "8"]
[White "Esipenko, Andrey"]
[Black "Firouzja, Alireza"]
[Result "0-1"]
[WhiteTitle "GM"]
[BlackTitle "GM"]
[WhiteElo "2689"]
[BlackElo "2766"]
[WhiteFideId "24175439"]
[BlackFideId "12573981"]
[EventDate "2025.06.10"]

1. d4 g6 2. e4 Bg7 3. Nf3 d6 4. Be3 Nf6 5. Nc3 a6 6. Qd2 b5 7. a3 Bb7 8. Bd3 e6
9. Bh6 Bxh6 10. Qxh6 Nbd7 11. O-O Qe7 12. Rfe1 Ng4 13. Qf4 Ngf6 14. e5 dxe5 15.
dxe5 Nd5 16. Nxd5 Bxd5 17. Be4 Nb6 18. b3 h6 19. h4 O-O-O 20. c4 bxc4 21. bxc4
Bxc4 22. Rec1 g5 23. Qe3 gxh4 24. Rab1 Kd7 25. Rxb6 cxb6 26. Rxc4 Ke8 27. Qxb6
Kf8 28. Rc7 Rd7 29. Rxd7 Qxd7 30. Qd6+ Qe7 31. Bc6 Rg8 32. Qb8+ Kg7 33. Qd6 Qd8
34. Kh2 Kh8 35. Kh3 Qb6 36. Nd4 Qb1 0-1

[Event "Titled Tue 10th Jun Late"]
[Site "chess.com INT"]
[Date "2025.06.10"]
[Round "8"]
[White "Sieciechowicz, Marcin"]
[Black "Matinian, Nikita"]
[Result "1-0"]
[WhiteTitle "IM"]
[BlackTitle "GM"]
[WhiteElo "2413"]
[BlackElo "2421"]
[WhiteFideId "1130170"]
[BlackFideId "24129100"]
[EventDate "2025.06.10"]

1. d4 Nf6 2. c4 g6 3. Nc3 Bg7 4. e4 d6 5. Be2 O-O 6. h4 h5 7. Nf3 c5 8. d5 Bg4
9. O-O Nbd7 10. Bf4 Nh7 11. Qc2 f5 12. exf5 Rxf5 13. Bg3 Qf8 14. Ne4 Bxf3 15.
Bxf3 Rxf3 16. gxf3 Qxf3 17. Ng5 Nxg5 18. hxg5 Kh7 19. Rfe1 Ne5 20. Qe4 Rf8 21.
Re3 Qf7 22. f4 Ng4 23. Re2 Re8 24. Kg2 a6 25. Rh1 Kg8 26. b3 b5 27. Qe6 bxc4 28.
bxc4 Rb8 29. Qxe7 Qxe7 30. Rxe7 Rb2+ 31. Kh3 Rxa2 32. Rb1 Ra3 33. Rb8+ Bf8 34.
Ree8 Nf2+ 35. Kg2 1-0

[Event "Titled Tue 10th Jun Late"]
[Site "chess.com INT"]
[Date "2025.06.10"]
[Round "8"]
[White "Avramidou, Anastasia"]
[Black "Zierk, Steven"]
[Result "0-1"]
[WhiteTitle "FM"]
[BlackTitle "GM"]
[WhiteElo "2294"]
[BlackElo "2489"]
[WhiteFideId "4239873"]
[BlackFideId "2034255"]
[EventDate "2025.06.10"]

1. Nf3 d5 2. d4 Nf6 3. c4 e6 4. Nc3 dxc4 5. e3 a6 6. Bxc4 b6 7. O-O Bb7 8. Qe2
Nbd7 9. Rd1 c5 10. dxc5 Bxc5 11. a3 Qb8 12. b4 Bd6 13. h3 O-O 14. Bb2 Rc8 15.
Bb3 Ne5 16. Nxe5 Bxe5 17. Rac1 b5 18. f4 Bc7 19. Nb1 Ne4 20. Bc2 Bb6 21. Bd4
Bxd4 22. Rxd4 e5 23. Rd7 exf4 24. Qh5 g6 25. Qh4 Rc7 26. Rxc7 Qxc7 27. Qxf4 Rc8
28. Qxc7 Rxc7 29. Kf1 Nf6 30. Ke2 Bxg2 31. Kd2 Bxh3 32. Nc3 Be6 33. a4 bxa4 34.
Bxa4 h5 35. b5 axb5 36. Bxb5 h4 37. Be2 g5 38. Rg1 g4 39. e4 g3 40. e5 Nd7 41.
Ne4 Nxe5 42. Ke3 Rc2 43. Bh5 g2 44. Bf3 Nxf3 45. Kxf3 Bd5 0-1